000 00297nam a22001337a 4500
020 _a81-7130-249-1
082 _a894.812
_bSET/P
100 _aSETHU
245 _aPANDAVAPURAM
260 _aKOTTAYAM
_bDC BOOKS
_c2019
300 _a148
650 _aMALAYALAM LITERATURE/ NOVEL
_zKERALA
942 _cBK
999 _c7190
_d7190